[Event "Olimpiada Calviá 2004"]
[Site "Calviá ESP"]
[Date "2004.10.27"]
[Round "12.13"]
[White "Timoscenko, Gennadij"]
[Black "Brynell, Stellan"]
[Result "1/2-1/2"]
[WhiteElo "2504"]
[BlackElo "2473"]
[PlyCount "44"]
[EventDate "2004.10.15"]
[EventType "team"]
[EventRounds "14"]
[EventCountry "ESP"]
[Source "lmi"]
[SourceDate "2004.10.27"]

1. d4 e6 2. c4 Nf6 3. Nc3 Bb4 4. Qc2 O-O 5. a3 Bxc3+ 6. Qxc3 b5 7. cxb5 c6 8.
Bg5 cxb5 9. e3 Bb7 10. Nf3 h6 11. Bxf6 Qxf6 12. Be2 Rc8 13. Qd3 a6 14. O-O Nc6
15. Rfc1 Qd8 16. Nd2 Ne7 17. Bf3 Bxf3 18. Nxf3 Rxc1+ 19. Rxc1 Rc8 20. Qd2 d6
21. Ne1 Rxc1 22. Qxc1 Qc8 1/2-1/2

[Event "Olimpiada Calviá 2004"]
[Site "Calviá ESP"]
[Date "2004.10.27"]
[Round "12.14"]
[White "Johansen, Darryl K"]
[Black "Kasimdzhanov, Rustam"]
[Result "1/2-1/2"]
[WhiteElo "2483"]
[BlackElo "2650"]
[PlyCount "81"]
[EventDate "2004.10.15"]
[EventType "team"]
[EventRounds "14"]
[EventCountry "ESP"]
[Source "lmi"]
[SourceDate "2004.10.27"]

1. Nf3 g6 2. d4 Bg7 3. c4 Nf6 4. Nc3 O-O 5. Bf4 d6 6. h3 Nbd7 7. e3 b6 8. Be2
Bb7 9. O-O Ne4 10. Nxe4 Bxe4 11. Bh2 c5 12. Qd2 Nf6 13. Rfd1 Qd7 14. Rac1 Qb7
15. Ne1 cxd4 16. exd4 Rac8 17. Bf1 Rfd8 18. Bf4 d5 19. c5 bxc5 20. dxc5 d4 21.
Qa5 Nd5 22. Ba6 Qxb2 23. Bxc8 Rxc8 24. Qa6 Rf8 25. Bd2 Nc3 26. Bxc3 dxc3 27.
Qa4 Bf5 28. g4 Be6 29. Rc2 Qb7 30. c6 Qc8 31. Ng2 h5 32. Ne3 hxg4 33. hxg4 Qc7
34. Nd5 Bxd5 35. Rxd5 Rc8 36. Rd7 Qxc6 37. Qxc6 Rxc6 38. Rxa7 Rc4 39. Rxe7
Rxg4+ 40. Kf1 Bf6 41. Ra7 1/2-1/2

[Event "Olimpiada Calviá 2004"]
[Site "Calviá ESP"]
[Date "2004.10.27"]
[Round "12.14"]
[White "Zhao, Zong-Yuan"]
[Black "Gareev, Timur"]
[Result "1-0"]
[WhiteElo "2410"]
[BlackElo "2525"]
[PlyCount "111"]
[EventDate "2004.10.15"]
[EventType "team"]
[EventRounds "14"]
[EventCountry "ESP"]
[Source "lmi"]
[SourceDate "2004.10.27"]

1. Nf3 Nf6 2. d4 g6 3. c4 Bg7 4. Nc3 O-O 5. e4 d6 6. Be2 e5 7. O-O Nbd7 8. Be3
Qe7 9. d5 Ng4 10. Bg5 f6 11. Bh4 Nh6 12. Nd2 Nf7 13. b4 h5 14. f3 Bh6 15. Bf2
f5 16. Nb5 Nf6 17. Nxa7 Bd7 18. Nb5 g5 19. exf5 Bxf5 20. Nc3 Ra3 21. Nb5 Raa8
22. Nc3 Ra3 23. Nde4 Bh7 24. Nxf6+ Qxf6 25. Nb5 Raa8 26. Nxc7 Rac8 27. Ne6 Rfe8
28. Bd3 Nd8 29. Nxd8 Rexd8 30. Be3 g4 31. Bxh7+ Kxh7 32. Bxh6 Qxh6 33. Qe2 Qf4
34. Rac1 b5 35. fxg4 Qd4+ 36. Kh1 bxc4 37. Rf7+ Kg8 38. Qf3 Qxg4 39. Qf6 Rf8
40. Rf1 Rxf7 41. Qxf7+ Kh8 42. h3 Qg7 43. Qxh5+ Qh7 44. Qg4 Qg8 45. Qh4+ Qh7
46. Qf6+ Qg7 47. Qxd6 Rg8 48. Qf6 c3 49. Qxg7+ Kxg7 50. Rc1 Rc8 51. d6 Kf6 52.
d7 Rd8 53. Rxc3 Rxd7 54. b5 e4 55. b6 Rd1+ 56. Kh2 1-0

[Event "Olimpiada Calviá 2004"]
[Site "Calviá ESP"]
[Date "2004.10.27"]
[Round "12.14"]
[White "Filippov, Anton"]
[Black "Smerdon, David"]
[Result "1-0"]
[WhiteElo "2475"]
[BlackElo "2425"]
[PlyCount "69"]
[EventDate "2004.10.15"]
[EventType "team"]
[EventRounds "14"]
[EventCountry "ESP"]
[Source "lmi"]
[SourceDate "2004.10.27"]

1. c4 Nf6 2. Nc3 g6 3. g3 d5 4. cxd5 Nxd5 5. Bg2 Nb6 6. d3 Bg7 7. Be3 c6 8. Qc1
h5 9. Nf3 Bf5 10. O-O Qd7 11. Ne4 Na6 12. Bd2 Nd5 13. Neg5 f6 14. e4 fxg5 15.
Bxg5 Bh3 16. Bxh3 Qxh3 17. exd5 Nb4 18. Nh4 Nxd5 19. Nxg6 Rg8 20. Nf4 Qf5 21.
Nxd5 Qxd5 22. Re1 O-O-O 23. Rxe7 Bd4 24. Bf4 Qf3 25. Be3 Bf6 26. Re4 Rd6 27.
Qc4 Rgd8 28. Re1 Bxb2 29. Bxa7 b5 30. Qc2 Bh8 31. Be3 Qf7 32. Bf4 Rg6 33. Qc5
Qd5 34. Qa7 Rgd6 35. Re7 1-0

[Event "Olimpiada Calviá 2004"]
[Site "Calviá ESP"]
[Date "2004.10.27"]
[Round "12.16"]
[White "Del Rio Angelis, Salvador G"]
[Black "Ramirez, Alejandro"]
[Result "1-0"]
[WhiteElo "2491"]
[BlackElo "2519"]
[PlyCount "75"]
[EventDate "2004.10.15"]
[EventType "team"]
[EventRounds "14"]
[EventCountry "ESP"]
[Source "lmi"]
[SourceDate "2004.10.27"]

1. e4 c5 2. Nf3 Nc6 3. d4 cxd4 4. Nxd4 Nf6 5. Nc3 e5 6. Ndb5 d6 7. Bg5 a6 8.
Na3 b5 9. Bxf6 gxf6 10. Nd5 f5 11. Bd3 Be6 12. Qh5 Rg8 13. c3 h6 14. Qe2 f4 15.
g3 Bg4 16. f3 Be6 17. Rg1 Bxd5 18. exd5 Qb6 19. Qf2 Qxf2+ 20. Kxf2 fxg3+ 21.
hxg3 Ne7 22. Nc2 O-O-O 23. a4 Nxd5 24. axb5 axb5 25. Ra8+ Kc7 26. Ra5 Nb6 27.
Rga1 d5 28. Rxb5 Rb8 29. Ne3 Bd6 30. b4 Ra8 31. Rba5 Rad8 32. Nf5 Nc8 33. Nxh6
Rgf8 34. Nf5 Rh8 35. Kg2 Kc6 36. Rb5 Bc7 37. Ra6+ Nb6 38. Ra7 1-0

[Event "Olimpiada Calviá 2004"]
[Site "Calviá ESP"]
[Date "2004.10.27"]
[Round "12.16"]
[White "Gonzalez, Bernal"]
[Black "Pont Mulet, Antonio"]
[Result "1-0"]
[WhiteElo "2423"]
[BlackElo "2265"]
[PlyCount "69"]
[EventDate "2004.10.15"]
[EventType "team"]
[EventRounds "14"]
[EventCountry "ESP"]
[Source "lmi"]
[SourceDate "2004.10.27"]

1. f4 Nf6 2. Nf3 g6 3. g3 Bg7 4. Bg2 O-O 5. d3 d5 6. O-O c6 7. Nc3 Nbd7 8. e4
dxe4 9. dxe4 e5 10. f5 Qc7 11. h3 b5 12. a3 a5 13. g4 Rd8 14. Qe1 Bb7 15. Ng5
b4 16. fxg6 hxg6 17. Nd1 c5 18. Ne3 Rf8 19. Qh4 Ra6 20. b3 Re8 21. Bb2 Nf8 22.
Nc4 N8h7 23. Nxf7 Kxf7 24. Qxh7 Rae6 25. g5 Rh8 26. Nxe5+ Qxe5 27. Qxg7+ Kxg7
28. Bxe5 Rxe5 29. gxf6+ Kf7 30. axb4 cxb4 31. Rad1 Bxe4 32. Rd7+ Ke8 33. Ra7
Bxg2 34. Kxg2 Kf8 35. f7 1-0

[Event "Olimpiada Calviá 2004"]
[Site "Calviá ESP"]
[Date "2004.10.27"]
[Round "12.16"]
[White "Hernandez Basante, Francisco"]
[Black "Ducros Salva, Antonio"]
[Result "1/2-1/2"]
[WhiteElo "2283"]
[BlackElo "2204"]
[PlyCount "31"]
[EventDate "2004.10.15"]
[EventType "team"]
[EventRounds "14"]
[EventCountry "ESP"]
[Source "lmi"]
[SourceDate "2004.10.27"]

1. d4 d5 2. Nf3 c6 3. e3 Bg4 4. c4 Nf6 5. Qb3 Qb6 6. Ne5 Bf5 7. Nc3 e6 8. Qd1
Nbd7 9. Nxd7 Nxd7 10. Bd3 Bxd3 11. Qxd3 Qa6 12. b3 Nb6 13. Bb2 dxc4 14. Qe2 Ba3
15. O-O O-O 16. Na4 1/2-1/2

[Event "Olimpiada Calviá 2004"]
[Site "Calviá ESP"]
[Date "2004.10.27"]
[Round "12.19"]
[White "Fridman, Daniel"]
[Black "Tyomkin, Dimitri"]
[Result "1-0"]
[WhiteElo "2578"]
[BlackElo "2505"]
[PlyCount "129"]
[EventDate "2004.10.15"]
[EventType "team"]
[EventRounds "14"]
[EventCountry "ESP"]
[Source "lmi"]
[SourceDate "2004.10.27"]

1. d4 Nf6 2. c4 g6 3. Nc3 Bg7 4. Nf3 O-O 5. e4 d6 6. Be2 c5 7. O-O cxd4 8. Nxd4
Nc6 9. Be3 Bd7 10. Qd2 Ng4 11. Bxg4 Bxg4 12. f3 Bd7 13. Rfd1 Rc8 14. b3 a6 15.
Rac1 Re8 16. Nd5 Nxd4 17. Bxd4 Bxd4+ 18. Qxd4 Be6 19. Qe3 Qa5 20. b4 Qxa2 21.
Nb6 Rc6 22. Rd2 Qxd2 23. Qxd2 Rxb6 24. c5 dxc5 25. bxc5 Rc6 26. Rb1 Rc7 27. Rb6
Rec8 28. h4 h5 29. Kh2 Bd7 30. Qf4 Bc6 31. Qe5 Rd7 32. Rb3 Rcd8 33. Re3 Kh7 34.
f4 Rg8 35. f5 Rg7 36. Rf3 Rd8 37. Qxe7 Re8 38. Qc7 gxf5 39. Rxf5 Rxe4 40. Rxh5+
Kg8 41. g3 Re1 42. Qd8+ Re8 43. Qd1 Re3 44. Rg5 Rxg5 45. Qd8+ Kh7 46. Qxg5 Re6
47. Qd8 Kg7 48. g4 Re2+ 49. Kg3 Re3+ 50. Kf2 Re6 51. h5 Rf6+ 52. Kg3 Re6 53. g5
Be8 54. Kf4 Kg8 55. Qa8 Re7 56. Qd8 Re6 57. Qc8 Re7 58. h6 Kh8 59. Qd8 Re6 60.
Qd4+ f6 61. Kf5 Bf7 62. Qd8+ Bg8 63. Qf8 Re5+ 64. Kxf6 Rf5+ 65. Kxf5 1-0

[Event "Olimpiada Calviá 2004"]
[Site "Calviá ESP"]
[Date "2004.10.27"]
[Round "12.19"]
[White "Sveshnikov, Evgeny"]
[Black "Zugic, Igor"]
[Result "1/2-1/2"]
[WhiteElo "2512"]
[BlackElo "2479"]
[PlyCount "144"]
[EventDate "2004.10.15"]
[EventType "team"]
[EventRounds "14"]
[EventCountry "ESP"]
[Source "lmi"]
[SourceDate "2004.10.27"]

1. e4 Nf6 2. e5 Nd5 3. c4 Nb6 4. c5 Nd5 5. Nc3 c6 6. d4 d6 7. cxd6 exd6 8. Nf3
dxe5 9. dxe5 Be7 10. Nxd5 cxd5 11. Bd3 Nc6 12. O-O O-O 13. Re1 Bg4 14. h3 Bh5
15. a3 Qd7 16. b4 Rad8 17. Bb2 a6 18. Qc2 Bg6 19. Bxg6 hxg6 20. e6 fxe6 21.
Qxg6 Bf6 22. Be5 Nxe5 23. Nxe5 Bxe5 24. Rxe5 Rf6 25. Qg3 Rdf8 26. Rae1 Qf7 27.
R1e2 Rc8 28. Kh2 Rc6 29. R5e3 Qd7 30. Qb8+ Rf8 31. Qe5 Rf5 32. Qg3 d4 33. Rd3
Rd5 34. Re4 Qd6 35. f4 Qd7 36. Qg6 Rcd6 37. Qg3 Qf7 38. Qf3 Qf6 39. Qg4 Qf5 40.
Qf3 Rd7 41. g4 Qf6 42. Kg3 a5 43. bxa5 Rxa5 44. Qe2 Rd6 45. Qb2 e5 46. Qxb7
exf4+ 47. Rxf4 Qe5 48. Qc8+ Kh7 49. Qf5+ Qxf5 50. Rxf5 Ra4 51. h4 Rc6 52. Rff3
Rc1 53. Kf4 Re1 54. Kg5 Re5+ 55. Rf5 Re3 56. Rf3 Re5+ 57. Kf4 Re1 58. Rg3 Rh1
59. Ke4 Rxh4 60. Rxd4 Ra5 61. a4 Rh1 62. Ra3 Kg6 63. Rd6+ Kg5 64. Rd5+ Rxd5 65.
Kxd5 Kxg4 66. a5 g5 67. a6 Rh8 68. a7 Ra8 69. Ke5 Kh4 70. Ra6 g4 71. Kf5 Kh3
72. Rh6+ Kg3 1/2-1/2

[Event "Olimpiada Calviá 2004"]
[Site "Calviá ESP"]
[Date "2004.10.27"]
[Round "12.20"]
[White "Nisipeanu, Liviu-Dieter"]
[Black "Stefansson, Hannes"]
[Result "1/2-1/2"]
[WhiteElo "2687"]
[BlackElo "2549"]
[PlyCount "38"]
[EventDate "2004.10.15"]
[EventType "team"]
[EventRounds "14"]
[EventCountry "ESP"]
[Source "lmi"]
[SourceDate "2004.10.27"]

1. e4 e5 2. Nf3 Nc6 3. Bb5 Nf6 4. d4 exd4 5. O-O a6 6. Bxc6 dxc6 7. e5 Ne4 8.
Re1 Bf5 9. Nxd4 Bg6 10. f3 Nc5 11. Be3 Ne6 12. Nxe6 fxe6 13. Qe2 Qd5 14. Bf2 c5
15. Nc3 Qc6 16. Rad1 Be7 17. Ne4 O-O 18. c4 Rad8 19. Nc3 b6 1/2-1/2

[Event "Olimpiada Calviá 2004"]
[Site "Calviá ESP"]
[Date "2004.10.27"]
[Round "12.20"]
[White "Thorfinnsson, Bragi"]
[Black "Nevednichy, Vladislav"]
[Result "0-1"]
[WhiteElo "2435"]
[BlackElo "2552"]
[PlyCount "69"]
[EventDate "2004.10.15"]
[EventType "team"]
[EventRounds "14"]
[EventCountry "ESP"]
[Source "lmi"]
[SourceDate "2004.10.27"]

1. d4 d6 2. Nf3 g6 3. c4 Bg7 4. Nc3 Nf6 5. e4 O-O 6. Be2 e5 7. O-O Nbd7 8. Be3
Re8 9. d5 Nh5 10. Re1 Bf8 11. b4 Ng7 12. Nd2 f5 13. f3 Be7 14. Nb3 Bg5 15. Bf2
Nf6 16. c5 Rf8 17. Qc2 fxe4 18. Nxe4 Nxe4 19. Qxe4 Rf4 20. Qc2 Bd7 21. Na5 b6
22. Nc4 b5 23. Nd2 Rxb4 24. Ne4 Nf5 25. Bd3 a6 26. a3 Ra4 27. Qb2 Bh4 28. g3
Be7 29. Kg2 Qf8 30. c6 Bc8 31. Nc3 Nh4+ 32. gxh4 Bh3+ 33. Kg1 Qxf3 34. Bf1 Bxf1
35. Rxf1 0-1

[Event "Olimpiada Calviá 2004"]
[Site "Calviá ESP"]
[Date "2004.10.27"]
[Round "12.20"]
[White "Parligras, Mircea"]
[Black "Gunnarsson, Arnar"]
[Result "1-0"]
[WhiteElo "2559"]
[BlackElo "2437"]
[PlyCount "65"]
[EventDate "2004.10.15"]
[EventType "team"]
[EventRounds "14"]
[EventCountry "ESP"]
[Source "lmi"]
[SourceDate "2004.10.27"]

1. e4 e5 2. Nf3 d5 3. exd5 Bd6 4. d4 e4 5. Ne5 Nf6 6. Bb5+ Bd7 7. Nxd7 Nbxd7 8.
c4 a6 9. Bxd7+ Qxd7 10. Nc3 O-O 11. O-O Rae8 12. h3 b5 13. b3 Qf5 14. Be3 g5
15. f3 Bf4 16. Qd2 exf3 17. Bxf4 b4 18. Bxc7 bxc3 19. Qxc3 g4 20. hxg4 f2+ 21.
Kh1 Nxg4 22. Qf3 Qh5+ 23. Qh3 Qg6 24. Qh4 Qf5 25. Bd6 Kh8 26. Bxf8 Rxf8 27. d6
Rg8 28. d7 Qxd7 29. Rxf2 Qxd4 30. Raf1 Rg6 31. Rf4 Qg7 32. Rxf7 Rh6 33. Rf8+
1-0

[Event "Olimpiada Calviá 2004"]
[Site "Calviá ESP"]
[Date "2004.10.27"]
[Round "12.21"]
[White "Nielsen, Peter Heine"]
[Black "Rozentalis, Eduardas"]
[Result "1/2-1/2"]
[WhiteElo "2663"]
[BlackElo "2595"]
[PlyCount "81"]
[EventDate "2004.10.15"]
[EventType "team"]
[EventRounds "14"]
[EventCountry "ESP"]
[Source "lmi"]
[SourceDate "2004.10.27"]

1. e4 e5 2. Nf3 Nf6 3. Nxe5 d6 4. Nf3 Nxe4 5. d4 d5 6. Bd3 Be7 7. O-O Nc6 8.
Re1 Nf6 9. c3 O-O 10. Nbd2 Bg4 11. Qb3 Rb8 12. Ne5 Bh5 13. f4 Nxe5 14. fxe5 Ne8
15. Nf1 Bg6 16. Bxg6 fxg6 17. Ne3 c6 18. c4 dxc4 19. Qxc4+ Kh8 20. d5 Qa5 21.
Rd1 cxd5 22. Nxd5 Qc5+ 23. Qxc5 Bxc5+ 24. Kh1 Rc8 25. Bf4 Nc7 26. Nxc7 Rxf4 27.
Ne6 Rc4 28. Rac1 Be7 29. Rxc4 Rxc4 30. g3 Kg8 31. Rd7 Kf7 32. Nf4 Rc1+ 33. Kg2
Rc2+ 34. Kf3 Rxb2 35. Rc7 Rb5 36. Ke4 Rb4+ 37. Kd3 Rb5 38. Ke4 Rb4+ 39. Kd3 Rb5
40. Kd4 Rb4+ 41. Kd3 1/2-1/2

[Event "Olimpiada Calviá 2004"]
[Site "Calviá ESP"]
[Date "2004.10.27"]
[Round "12.21"]
[White "Sulskis, Sarunas"]
[Black "Hansen, Sune Berg"]
[Result "1-0"]
[WhiteElo "2555"]
[BlackElo "2551"]
[PlyCount "105"]
[EventDate "2004.10.15"]
[EventType "team"]
[EventRounds "14"]
[EventCountry "ESP"]
[Source "lmi"]
[SourceDate "2004.10.27"]

1. e4 c5 2. Nf3 e6 3. d4 cxd4 4. Nxd4 a6 5. Bd3 Bc5 6. c3 d6 7. O-O Nf6 8. Qe2
e5 9. Nf3 Be6 10. h3 h6 11. Rd1 Qc7 12. Nbd2 O-O 13. Nf1 Nc6 14. Ng3 d5 15.
Bxh6 dxe4 16. Qd2 exd3 17. Bxg7 Nh7 18. Nh5 f6 19. Qh6 e4 20. Bxf8 Rxf8 21.
Qg6+ Kh8 22. Qxe4 Bf7 23. Qh4 Ne5 24. Nxe5 fxe5 25. Rxd3 Bxh5 26. Qxh5 Bxf2+
27. Kh1 e4 28. Rd5 Qf7 29. Qe5+ Nf6 30. Rad1 e3 31. Rd8 Rxd8 32. Rxd8+ Kg7 33.
g4 Qg6 34. Kg2 Qe4+ 35. Qxe4 Nxe4 36. Re8 e2 37. Rxe4 e1=Q 38. Rxe1 Bxe1 39.
Kf3 Kf6 40. Ke4 Ke6 41. a4 a5 42. Kd4 Bh4 43. Kc5 Bd8 44. b4 axb4 45. cxb4 Kd7
46. a5 Be7+ 47. Kc4 Bd8 48. Kd5 Kc7 49. b5 Bh4 50. Ke6 Be1 51. a6 bxa6 52. bxa6
Kb6 53. g5 1-0

[Event "Olimpiada Calviá 2004"]
[Site "Calviá ESP"]
[Date "2004.10.27"]
[Round "12.21"]
[White "Palo, Davor"]
[Black "Kveinys, Aloyzas"]
[Result "1-0"]
[WhiteElo "2526"]
[BlackElo "2531"]
[PlyCount "109"]
[EventDate "2004.10.15"]
[EventType "team"]
[EventRounds "14"]
[EventCountry "ESP"]
[Source "lmi"]
[SourceDate "2004.10.27"]

1. d4 Nf6 2. c4 e6 3. Nc3 Bb4 4. Qc2 O-O 5. a3 Bxc3+ 6. Qxc3 b6 7. Bg5 Bb7 8.
e3 d6 9. f3 Nbd7 10. Bd3 c5 11. Ne2 Rc8 12. O-O Ba6 13. Qb3 d5 14. Qa4 Bxc4 15.
Bxc4 dxc4 16. Qxc4 cxd4 17. Qxd4 Rc2 18. Rab1 Rc5 19. Bh4 Rd5 20. Qc3 Rc5 21.
Qb3 Qc8 22. Rfd1 Qa6 23. Nc3 h6 24. Rd4 Rcc8 25. Rbd1 Nc5 26. Qc2 Nh7 27. Bg3
Rfe8 28. Be5 Nf8 29. Bd6 Ncd7 30. Bg3 Nc5 31. b4 e5 32. Rd5 Nce6 33. Qb3 Qc4
34. Qxc4 Rxc4 35. Nb5 Rc2 36. Bxe5 Ng6 37. Bg3 a6 38. Nd6 Ra8 39. R5d2 Rc3 40.
Rd3 Rc2 41. f4 Ne7 42. R3d2 Rc3 43. Rd3 Rc2 44. f5 Ng5 45. e4 f6 46. h4 Nh7 47.
Nb7 Nc6 48. Nd8 Ne5 49. Bxe5 fxe5 50. Ne6 Nf6 51. Rg3 Nh5 52. Rg4 Kh8 53. Rg6
Rac8 54. Rd7 Rg8 55. Rd6 1-0

[Event "Olimpiada Calviá 2004"]
[Site "Calviá ESP"]
[Date "2004.10.27"]
[Round "12.21"]
[White "Zagorskis, Darius"]
[Black "Pedersen, Nicolai Vesterbaek"]
[Result "1/2-1/2"]
[WhiteElo "2486"]
[BlackElo "2466"]
[PlyCount "79"]
[EventDate "2004.10.15"]
[EventType "team"]
[EventRounds "14"]
[EventCountry "ESP"]
[Source "lmi"]
[SourceDate "2004.10.27"]

1. c4 Nf6 2. Nc3 e5 3. Nf3 Nc6 4. g3 Bc5 5. Bg2 d6 6. O-O O-O 7. e3 a6 8. a3
Ba7 9. d3 h6 10. h3 Be6 11. b3 Qd7 12. Kh2 d5 13. cxd5 Nxd5 14. Qc2 Nxc3 15.
Qxc3 f6 16. Bb2 Rfd8 17. Rfd1 Bd5 18. b4 Qe7 19. Ne1 Bxg2 20. Kxg2 Rd7 21. Qc4+
Qf7 22. Qxf7+ Kxf7 23. Kf3 Rad8 24. Ke2 Ne7 25. Rac1 Bb6 26. Nf3 Nc6 27. Bc3
Rd5 28. Rb1 Ke6 29. Ne1 Ne7 30. Nc2 R5d6 31. Be1 Rc6 32. Rbc1 Rdd6 33. a4 Rd7
34. Na3 Rxc1 35. Rxc1 c6 36. Rb1 Bd8 37. b5 axb5 38. axb5 cxb5 39. Rxb5 Nc8 40.
Rb3 1/2-1/2

[Event "Olimpiada Calviá 2004"]
[Site "Calviá ESP"]
[Date "2004.10.27"]
[Round "12.22"]
[White "Rowson, Jonathan"]
[Black "Moser, Eva"]
[Result "1-0"]
[WhiteElo "2577"]
[BlackElo "2447"]
[PlyCount "101"]
[EventDate "2004.10.15"]
[EventType "team"]
[EventRounds "14"]
[EventCountry "ESP"]
[Source "lmi"]
[SourceDate "2004.10.27"]

1. d4 Nf6 2. c4 g6 3. Nc3 Bg7 4. e4 O-O 5. f3 c6 6. Nge2 d5 7. e5 Ne8 8. h4
dxc4 9. h5 Nd7 10. hxg6 fxg6 11. Ne4 Nb6 12. Ng5 h6 13. Ne4 g5 14. N2g3 Nc7 15.
Be3 Ncd5 16. Qd2 Nxe3 17. Qxe3 Qd5 18. O-O-O Qf7 19. Qa3 Be6 20. Kb1 Nd7 21.
Be2 Bf5 22. Qa4 b5 23. Qc2 Qg6 24. Nh5 Nb6 25. Rh3 Be6 26. Rh2 Nd5 27. Rdh1 Ne3
28. Qd2 Nf5 29. g4 Nh4 30. Rxh4 gxh4 31. Nf4 Qf7 32. Nxe6 Qxe6 33. f4 Rad8 34.
Qe3 Qd5 35. Rf1 e6 36. Nc5 c3 37. bxc3 Rf7 38. Ka1 Rc8 39. c4 bxc4 40. Bf3 Qd8
41. Nxe6 Qa5 42. Rb1 h3 43. f5 h2 44. Nxg7 Rxg7 45. f6 Rg6 46. Be4 Rxg4 47. Bf5
Qb6 48. Rxb6 axb6 49. Qxh6 Rg1+ 50. Kb2 h1=Q 51. Be6# 1-0

[Event "Olimpiada Calviá 2004"]
[Site "Calviá ESP"]
[Date "2004.10.27"]
[Round "12.22"]
[White "Volkmann, Friedrich"]
[Black "McNab, Colin A"]
[Result "1-0"]
[WhiteElo "2454"]
[BlackElo "2434"]
[PlyCount "71"]
[EventDate "2004.10.15"]
[EventType "team"]
[EventRounds "14"]
[EventCountry "ESP"]
[Source "lmi"]
[SourceDate "2004.10.27"]

1. e4 c5 2. Nf3 e6 3. c4 b6 4. d4 cxd4 5. Nxd4 Bb7 6. Nc3 a6 7. Bd3 Qc7 8. Be3
d6 9. O-O Nd7 10. Rc1 Ngf6 11. b4 Rc8 12. f4 Qb8 13. f5 e5 14. Ne6 Bc6 15. Nd5
Rg8 16. Nxf8 Kxf8 17. h3 b5 18. Qb3 bxc4 19. Rxc4 Bxd5 20. Rxc8+ Qxc8 21. exd5
Qb7 22. Qa4 Qxd5 23. Bxa6 g6 24. fxg6 Rxg6 25. Qc2 Kg7 26. a4 Qe6 27. Bc8 Nd5
28. Qd2 Ne7 29. Bxd7 Qxd7 30. a5 d5 31. Bc5 Nc6 32. a6 Na7 33. Kh1 d4 34. Qe2
f6 35. Qe4 Rg3 36. Bxa7 1-0

[Event "Olimpiada Calviá 2004"]
[Site "Calviá ESP"]
[Date "2004.10.27"]
[Round "12.22"]
[White "Shaw, John"]
[Black "Neubauer, Martin"]
[Result "1-0"]
[WhiteElo "2433"]
[BlackElo "2440"]
[PlyCount "91"]
[EventDate "2004.10.15"]
[EventType "team"]
[EventRounds "14"]
[EventCountry "ESP"]
[Source "lmi"]
[SourceDate "2004.10.27"]

1. e4 c5 2. c3 e6 3. d4 d5 4. exd5 exd5 5. Nf3 a6 6. g3 Bd6 7. Bg2 Nc6 8. O-O
Nge7 9. dxc5 Bxc5 10. Nbd2 Bg4 11. Nb3 Ba7 12. Re1 O-O 13. Be3 Bxe3 14. Rxe3
Qb6 15. Qd2 Rad8 16. Nfd4 a5 17. a4 Nf5 18. Ree1 Nfxd4 19. Nxd4 Nxd4 20. Qxd4
Qxd4 21. cxd4 Be6 22. Re3 Rd6 23. Rb3 b6 24. Rc3 Rb8 25. Rac1 Kf8 26. Bf1 Bd7
27. b3 Ke7 28. Rc7 Kd8 29. Ra7 Rc8 30. Rxc8+ Kxc8 31. Ra8+ Kc7 32. Rg8 g6 33.
Rg7 Be6 34. Rxh7 Rc6 35. Bb5 Rc1+ 36. Kg2 Kd6 37. h4 Rd1 38. g4 Rxd4 39. f3 Ke5
40. Kg3 Rd1 41. Rh8 d4 42. Rd8 Bxb3 43. h5 gxh5 44. gxh5 Rh1 45. f4+ Ke4 46.
Bc6+ 1-0

[Event "Olimpiada Calviá 2004"]
[Site "Calviá ESP"]
[Date "2004.10.27"]
[Round "12.22"]
[White "Pilaj, Herwig"]
[Black "Mannion, Stephen R"]
[Result "1-0"]
[WhiteElo "2431"]
[BlackElo "2357"]
[PlyCount "197"]
[EventDate "2004.10.15"]
[EventType "team"]
[EventRounds "14"]
[EventCountry "ESP"]
[Source "lmi"]
[SourceDate "2004.10.27"]

1. c4 Nf6 2. d4 c5 3. d5 b5 4. cxb5 a6 5. b6 Qxb6 6. Nc3 d6 7. Nf3 g6 8. e4 Bg7
9. Nd2 O-O 10. Nc4 Qc7 11. Be2 Nbd7 12. Bf4 Nb6 13. Ne3 Bd7 14. O-O Rfb8 15.
Rc1 Nc8 16. b3 Bb5 17. Nc4 Nd7 18. Bg5 Ncb6 19. Na5 Bxe2 20. Nxe2 Nf6 21. Bxf6
Bxf6 22. Qd2 e6 23. dxe6 fxe6 24. b4 c4 25. Nd4 Re8 26. Rfe1 Rac8 27. Nf3 d5
28. e5 Bg7 29. h4 Nd7 30. Qg5 Rf8 31. h5 Rf5 32. Qe7 Nf8 33. Qxc7 Rxc7 34. hxg6
Nxg6 35. Nd4 Rxe5 36. Rxe5 Bxe5 37. Nxe6 Re7 38. Nc5 Bf4 39. Rd1 c3 40. Nab3 c2
41. Rf1 Ne5 42. g3 Bh6 43. f4 Nc4 44. Nd4 Ne3 45. Rc1 Bg7 46. Nxc2 Nf5 47. Kf2
Bc3 48. Nxa6 d4 49. Nc5 Rc7 50. g4 Nd6 51. Rd1 Rf7 52. Kf3 Nc4 53. Ne4 d3 54.
Nxc3 dxc2 55. Rc1 Na3 56. Nd5 Kg7 57. Ke4 Rf8 58. f5 Rc8 59. Ne3 Rc3 60. Kd4
Nb5+ 61. Ke4 Na3 62. Nxc2 Nxc2 63. b5 Rc8 64. Kf4 Rc4+ 65. Kg5 h6+ 66. Kh4 Ne3
67. Rxc4 Nxc4 68. a4 Kf6 69. Kh5 Kg7 70. f6+ Kh7 71. f7 Kg7 72. f8=Q+ Kxf8 73.
Kxh6 Kf7 74. Kh7 Kf6 75. Kh6 Kf7 76. Kg5 Na5 77. b6 Nb7 78. Kf5 Nd6+ 79. Kg5
Nb7 80. Kf5 Nd6+ 81. Kf4 Ke6 82. a5 Kd7 83. g5 Kc6 84. g6 Ne8 85. Ke5 Kd7 86.
a6 Kc6 87. a7 Kb7 88. Ke6 Ng7+ 89. Kf7 Nf5 90. g7 Nh6+ 91. Kf8 Ka8 92. g8=Q
Nxg8 93. Kxg8 Kb7 94. Kf7 Ka8 95. Ke7 Kb7 96. Kd7 Ka8 97. Kd6 Kb7 98. a8=Q+
Kxa8 99. Kc6 1-0

[Event "Olimpiada Calviá 2004"]
[Site "Calviá ESP"]
[Date "2004.10.27"]
[Round "12.23"]
[White "Johannessen, Leif Erlend"]
[Black "Isaev, Jamshed"]
[Result "1-0"]
[WhiteElo "2519"]
[BlackElo "2424"]
[PlyCount "49"]
[EventDate "2004.10.15"]
[EventType "team"]
[EventRounds "14"]
[EventCountry "ESP"]
[Source "lmi"]
[SourceDate "2004.10.27"]

1. Nf3 d5 2. d4 Nf6 3. c4 c6 4. Nc3 dxc4 5. a4 Bf5 6. Ne5 Nbd7 7. Nxc4 Qc7 8.
g3 e5 9. dxe5 Nxe5 10. Bf4 Nfd7 11. Bg2 g5 12. Ne3 gxf4 13. Nxf5 O-O-O 14. Qc2
Nc5 15. O-O Ne6 16. Qe4 fxg3 17. hxg3 a5 18. Rfc1 Bc5 19. Nb5 cxb5 20. axb5 b6
21. b4 axb4 22. Ra8+ Kd7 23. Rd1+ Ke8 24. Rdxd8+ Nxd8 25. Qxe5+ 1-0

[Event "Olimpiada Calviá 2004"]
[Site "Calviá ESP"]
[Date "2004.10.27"]
[Round "12.23"]
[White "Khouseinov, Rashid"]
[Black "Lie, Kjetil A"]
[Result "1/2-1/2"]
[WhiteElo "2343"]
[BlackElo "2474"]
[PlyCount "115"]
[EventDate "2004.10.15"]
[EventType "team"]
[EventRounds "14"]
[EventCountry "ESP"]
[Source "lmi"]
[SourceDate "2004.10.27"]

1. f4 c5 2. Nf3 g6 3. g3 Bg7 4. e4 d5 5. Nc3 dxe4 6. Nxe4 Qc7 7. Bg2 Nh6 8. O-O
O-O 9. d3 Nc6 10. Rb1 Rd8 11. b3 Bf5 12. Nf2 Nb4 13. a4 Nd5 14. Bd2 Nc3 15.
Bxc3 Bxc3 16. Qe2 Be6 17. Nd1 Bg7 18. Ne3 Ng4 19. Nxg4 Bxg4 20. h3 Be6 21. Kh2
Bd5 22. Qe3 e6 23. Rbe1 b6 24. Re2 a6 25. Ne5 b5 26. axb5 axb5 27. h4 Bxg2 28.
Rxg2 Ra3 29. Re2 h5 30. Qe4 Rd4 31. Qg2 Ra2 32. Rff2 Ra1 33. Rf1 Rxf1 34. Qxf1
c4 35. bxc4 Bxe5 36. Rxe5 bxc4 37. Re4 Rxe4 38. dxe4 Qc5 39. Qe2 Qd4 40. e5 Kf8
41. Kg2 Kg7 42. Kf3 f6 43. Qe4 Qd1+ 44. Kf2 Qd2+ 45. Kf1 Qd5 46. Qe2 fxe5 47.
fxe5 Qd4 48. Kg2 Kh6 49. Kf3 g5 50. Qe3 Qd1+ 51. Qe2 Qh1+ 52. Ke3 gxh4 53. Qf2
Qc1+ 54. Ke4 Qh1+ 55. Ke3 Qc1+ 56. Ke4 Qh1+ 57. Ke3 Qc1+ 58. Ke4 1/2-1/2